000 00327nam a2200133Ia 4500
005 20251222144908.0
008 251222s9999||||xx |||||||||||||| ||spa||
020 _a84-206-4172-3
082 _a371.42/M26
100 _aMartín, Xus
245 0 _aTutoría: Técnicas, Recursos y Actividades
264 _bAlianza
942 _cLIB
999 _c22246
_d22246